00825nam a2200253Ia 450000500170000000800270001702000150004408200190005910000220007824501100010025000170021030000260022749000130025353400150026660000380028165000340031965000350035370000330038826400270042133600270044833700330047533800280050804000350053620220317000401.0141031s9999 ck 000 0 spa d a847765170104a928.9171bN25g1 aGuille, Elisabeth10aIréne Némirovskybel mirador, memorias soñadas cElisabeth Gille ; traducción de Roser Berdagué a1a edición a293 páginasc21 cm. aBolsillo tLe mirador14aNémirovsky, Iréne,d1903-1942142LEMBaLiteratosvBiografías142LEMBaCríticosvBiografías1 aBerdagué, Roseretraductor aBarcelonabCircec1999 atextobtxt2rdacontent asin mediaciónbn2rdamedia avolumenbnc2rdacarrier aCO-BoRNBPbspaerdacCO-BoRNBP